[Event "Challenge"]
[Site "http://www.queenalice.com/game.php?id=110737"]
[Date "2006.9.28"]
[Round "-"]
[White "claudiocaire"]
[Black "Glapima"]
[Result "1/2-1/2"]
[WhiteElo "1501"]
[BlackElo "1580"]

1. e4 Nf6 2. Qf3 Nc6 3. Bc4 e5 4. g4 g5 5. a4 h6 6. Ba2 Nd4 7. Qd1 Nxe4 8. d3
Nf6 9. Nf3 Nc6 10. c3 Rh7 11. Qb3 Nxg4 12. h3 Nf6 13. h4 g4 14. Nh2 Na5 15. Qc2
b6 16. b4 Nc6 17. b5 Na5 18. Rg1 h5 19. f3 Bc5 20. d4 exd4 21. cxd4 Bxd4 22. Rf1
g3 23. Bb2 Bc5 24. Bxf6 Qxf6 25. Qxh7 Qe5+ 26. Kd1 d5 27. f4 Qd4+ 28. Nd2 Bh3
29. Re1+ Be6 30. Rb1 gxh2 31. f5 Qxa4+ 32. Nb3 Qxa2 33. Qh8+ Ke7 34. Qa1 Qg2 35.
fxe6 h1=Q 36. Rxh1 Qxh1+ 37. Kc2 Qxh4 38. exf7 Kxf7 39. Rf1+ Kg6 40. Nd2 Bd4 41.
Qd1 Be3 42. Nf3 Qc4+ 43. Kb2 Re8 44. Nh4+ Qxh4 45. Qxd5 Qh2+ 46. Ka3 Re5 47.
Qf7+ Kg5 48. Qf6+ Kg4 49. Qg6+ Bg5 50. Qf7 Qg3+ 51. Kb2 Re2+ 52. Kb1 Qd3+ 53.
Ka1 Nb3+ 54. Qxb3 Qxb3 55. Rf4+ Bxf4 1/2-1/2

[Event "Challenge"]
[Site "http://www.queenalice.com/game.php?id=111096"]
[Date "2006.9.28"]
[Round "-"]
[White "rafaelteen"]
[Black "Glapima"]
[Result "0-1"]
[WhiteElo "1260"]
[BlackElo "1500"]

1. e4 e5 2. d4 Bd6 3. dxe5 Bxe5 4. Qh5 Nf6 5. Qxe5+ Kf8 6. Bd2 d6 7. Qg5 Nbd7 8.
Bb4 c5 9. Bc3 h5 10. Nf3 Qe8 11. Nbd2 Rh6 12. Nc4 Qxe4+ 13. Kd2 Qxc4 14. Bxc4 d5
15. Bxd5 Rg6 0-1

[Event "Challenge"]
[Site "http://www.queenalice.com/game.php?id=145128"]
[Date "2006.12.22"]
[Round "-"]
[White "claudiocaire"]
[Black "Glapima"]
[Result "0-1"]
[WhiteElo "1554"]
[BlackElo "1617"]

1. e4 h5 2. Bc4 e6 3. Qf3 a6 4. Nh3 b5 5. Bb3 Bb7 6. d3 Bb4+ 7. c3 Ba5 8. Ng5 f6
9. Nh3 Qe7 10. O-O Nc6 11. Na3 Ne5 12. Qe2 O-O-O 13. Bd2 Qf7 14. c4 b4 15. Rab1
Ne7 16. Ba4 g5 17. Nc2 N5c6 18. a3 e5 19. Bxc6 dxc6 20. axb4 Bb6 21. c5 Ba7 22.
Ra1 g4 23. Ng5 fxg5 24. Bc3 Qe6 25. Qe3 Rhg8 26. Na3 Rdf8 27. Nc4 Rf6 28. Bxe5
Rh6 29. Rad1 h4 30. g3 Rh5 31. f3 Ng6 32. Bc3 hxg3 33. hxg3 Kb8 34. fxg4 Qxg4
35. Kf2 Rf8+ 36. Kg2 Qh3+ 0-1

[Event "Challenge"]
[Site "http://www.queenalice.com/game.php?id=152050"]
[Date "2007.1.9"]
[Round "-"]
[White "Glapima"]
[Black "mosca"]
[Result "1-0"]
[WhiteElo "1695"]
[BlackElo "1577"]

1. e3 e5 2. Qf3 Nc6 3. Bc4 Nh6 4. g4 g5 5. h4 gxh4 6. Nh3 Rg8 7. Rg1 Na5 8. Bd5
c6 9. Be4 d6 10. g5 Nf5 11. b4 d5 12. Bxf5 Bxf5 13. Qxf5 Nc4 14. Qxh7 Rxg5 15.
Nxg5 Nd6 16. Rh1 Qxg5 17. Bb2 O-O-O 18. Nc3 d4 19. Ne2 Nc4 20. Rg1 Qf6 21. Bc1
dxe3 22. d3 Nd6 23. fxe3 Nf5 24. e4 Ng3 25. Nxg3 hxg3 26. Rxg3 Bxb4+ 27. Bd2 a5
28. a3 Be7 29. Bg5 Qe6 30. Bd2 Bf6 31. Bxa5 Rh8 32. Rg8+ Rxg8 33. Qxg8+ Kd7 34.
Qb8 Qh3 35. Qc7+ Ke6 36. O-O-O Bh4 37. Qc8+ Kf6 38. Qxh3 1-0

[Event "Challenge"]
[Site "http://www.queenalice.com/game.php?id=152607"]
[Date "2007.1.11"]
[Round "-"]
[White "Glapima"]
[Black "farofa38"]
[Result "1/2-1/2"]
[WhiteElo "1684"]
[BlackElo "1386"]

1. e3 e5 2. Qf3 Nh6 3. Bc4 Bb4 4. g4 f6 5. h4 c6 6. g5 fxg5 7. hxg5 Qxg5 8. Rxh6
Qxh6 9. Qf7+ Kd8 10. Qf3 d5 11. Be2 e4 12. Qg3 c5 13. a3 Ba5 14. Nc3 c4 15. Nxd5
Be6 16. Nf4 b5 17. b4 Bc7 18. Bb2 Rg8 19. f3 g5 20. O-O-O gxf4 21. Qf2 Nc6 22.
fxe4 fxe3 23. dxe3+ Kc8 24. Bc3 Bb6 25. Kb1 Bxe3 26. Qf1 Bxg1 27. Rd6 Kc7 28.
Bd2 Qh4 29. Rxe6 Rad8 30. Qf7+ Kc8 31. Rxc6+ Kb8 32. Rc7 1/2-1/2

[Event "Challenge"]
[Site "http://www.queenalice.com/game.php?id=152608"]
[Date "2007.1.11"]
[Round "-"]
[White "Glapima"]
[Black "biqz"]
[Result "1-0"]
[WhiteElo "1605"]
[BlackElo "1205"]

1. e3 d5 2. Qf3 d4 3. Bc4 dxe3 4. Qxf7+ Kd7 5. Be6+ Kc6 6. Bd5+ Qxd5 7. Qxd5+
Kxd5 8. Nc3+ Ke6 9. dxe3 Kf7 10. Nf3 Nf6 11. O-O h5 12. Ne5+ Ke8 13. Rd1 a5 14.
Nb5 Na6 15. e4 Nxe4 16. Be3 c6 17. Na3 Nb4 18. Rd4 Rh6 19. Rxe4 Bf5 20. Rd4 Bxc2
21. Nxc2 Nxc2 22. Rad1 Re6 23. Re4 g5 24. Bxg5 Bg7 25. f4 a4 26. Rd2 Rd8 27.
Rxd8+ Kxd8 28. Nf7+ Kd7 29. Rxa4 Re1+ 30. Kf2 Bd4+ 31. Kg3 Re3+ 32. Kh4 b5 33.
Ra8 Ne1 34. Rd8+ Ke6 35. Rxd4 Kxf7 36. f5 Nxg2+ 37. Kxh5 c5 38. Rg4 Rh3+ 39. Bh4
Rf3 40. Rxg2 Rxf5+ 41. Rg5 Rf2 42. Bxf2 c4 43. Rxb5 e6 44. Bd4 Ke7 45. Rb6 Kd7
46. Be5 Ke7 47. a4 Kd7 48. a5 Ke7 49. Kg6 Kd7 50. a6 c3 51. bxc3 Ke7 52. a7 Kd7
53. a8=Q Ke7 54. Qa7+ Kf8 55. Qf7# 1-0

[Event "Challenge"]
[Site "http://www.queenalice.com/game.php?id=155308"]
[Date "2007.1.17"]
[Round "-"]
[White "Glapima"]
[Black "marcosbratz"]
[Result "0-1"]
[WhiteElo "1666"]
[BlackElo "1569"]

1. e3 e5 2. Bc4 d5 3. Bb5+ Bd7 4. Be2 Nc6 5. Nc3 Nf6 6. a3 a6 7. h3 h5 8. d3 b5
9. b4 Bd6 10. h4 d4 11. Nb1 Ng4 12. f3 Nxe3 13. Qd2 Nxg2+ 14. Kf1 Ne3+ 15. Ke1
Ng2+ 16. Kf2 Nxh4 17. c3 Ng6 18. Qa2 Nf4 19. Bf1 g5 20. cxd4 Nxd4 21. Nc3 Be6
22. Qd2 Nb3 23. Qb2 Nxa1 24. Qxa1 c6 25. Ne4 Be7 26. Qxe5 Rh7 27. Nc5 Qd5 28.
Qe1 Bxc5+ 29. bxc5 Nxd3+ 30. Ke2 Nxe1 31. Kxe1 Qe5+ 32. Ne2 Bc4 33. Rg1 Rg7 34.
f4 Qd5 35. Bb2 Qxc5 36. Bxg7 Bxe2 37. Rxg5 Qc2 38. Re5+ Kd7 39. Rxe2 Qc1+ 40.
Kf2 Qxf4+ 41. Kg1 Rg8 42. Rg2 Qe3+ 43. Kh2 Qf4+ 44. Kg1 Qe3+ 45. Kh2 Qe1 46. Bd3
Kc8 47. Bc3 Qh4+ 48. Kg1 Rxg2+ 49. Kxg2 Qg4+ 50. Kf2 h4 51. Bd2 Qd4+ 52. Ke2 Kb7
53. Be1 h3 54. Bf2 Qg4+ 55. Kf1 Qg2+ 56. Ke1 h2 57. Bf1 Qe4+ 58. Be2 h1=Q+ 59.
Kd2 Qhg2 60. Be3 Qgg6 61. Bd3 Qxd3+ 62. Ke1 Qxe3+ 63. Kd1 Qgd3# 0-1

[Event "Challenge"]
[Site "http://www.queenalice.com/game.php?id=155311"]
[Date "2007.1.17"]
[Round "-"]
[White "Glapima"]
[Black "Croftsy"]
[Result "1-0"]
[WhiteElo "1625"]
[BlackElo "1538"]

1. e3 e5 2. Qf3 d5 3. Bb5+ c6 4. Be2 e4 5. Qf4 Bd6 6. Qg3 Bxg3 7. hxg3 b5 8. b4
g6 9. Bb2 f6 10. Na3 Ne7 11. O-O-O Qd6 12. Bc3 Na6 13. Nb1 h5 14. a3 Rf8 15. f3
Bf5 16. g4 hxg4 17. fxg4 Be6 18. d3 f5 19. Bg7 Rg8 20. Bh6 Rh8 21. Bf4 Rxh1 22.
Bxd6 Nc8 23. Be5 fxg4 24. dxe4 Rh5 25. Bf6 Nd6 26. Bd3 dxe4 27. Be2 Nc4 28. Nc3
Nxa3 29. Nh3 Nxb4 30. Nf4 Na2+ 31. Kb2 Nxc3 32. Bxc3 b4 33. Nxe6 Rb8 34. Bd4 Rb7
35. Ng7+ Kf7 36. Nxh5 gxh5 37. Rf1+ Ke6 38. Rf6+ Kd5 39. Rf5+ Ke6 40. Rxh5 Rc7
41. Bxg4+ Ke7 42. Rh7+ Kd6 43. Rxc7 Kxc7 44. Bxa7 Kd6 45. Bf5 Kd5 46. c3 Nb5 47.
c4+ Kxc4 48. Bb8 Kd5 49. Bd7 Nc3 50. Kc2 c5 51. g4 c4 52. g5 b3+ 53. Kxc3 b2 54.
Kxb2 Kc5 55. g6 Kb4 56. Kc2 c3 57. g7 1-0

[Event "Challenge"]
[Site "http://www.queenalice.com/game.php?id=155465"]
[Date "2007.1.18"]
[Round "-"]
[White "Glapima"]
[Black "RichardN"]
[Result "0-1"]
[WhiteElo "1659"]
[BlackElo "1479"]

1. e3 e5 2. Bc4 Bc5 3. Qf3 Nf6 4. g4 O-O 5. g5 Ne8 6. h4 Nd6 7. Qd5 Nxc4 8. Qxc5
d5 9. b3 Nb6 10. Bb2 Be6 11. Bxe5 f6 12. gxf6 gxf6 13. Bxc7 Qc8 14. Qd6 N6d7 15.
Qg3+ Kh8 16. Bf4 Qxc2 17. Nc3 Ne5 18. Bh6 Rg8 19. Qf3 Nxf3+ 20. Nxf3 Qb2 21. Ke2
Nc6 22. Rhb1 Qa3 23. Nb5 Qa6 24. a4 Rg6 25. Bf4 Bg4 26. d3 f5 27. Nc7 Qa5 28.
Nxa8 Re6 29. Nc7 Nd4+ 30. Kf1 Bh3+ 31. Kg1 Ne2+ 32. Kh2 Bg4 33. b4 Qb6 34. a5
Qc6 35. b5 Qd7 36. b6 axb6 37. axb6 Bxf3 38. Ra8+ Kg7 39. Bg5 Qd6+ 40. Bf4 Nxf4
41. exf4 Qxf4+ 42. Kg1 Rg6+ 43. Kf1 Qh2 44. Ne8+ Kf7 45. Ke1 Rg1+ 46. Kd2 Qxf2+
47. Kc3 Rxb1 48. Nd6+ Ke6 49. Nc8 Qb2# 0-1

[Event "Challenge"]
[Site "http://www.queenalice.com/game.php?id=162798"]
[Date "2007.2.2"]
[Round "-"]
[White "claudiocaire"]
[Black "Glapima"]
[Result "0-1"]
[WhiteElo "1398"]
[BlackElo "1726"]

1. c3 e6 2. e4 Qh4 3. Nf3 Qxe4+ 4. Be2 Bc5 5. d3 Qg4 6. Nd4 Qxg2 7. Bf3 Qh3 8.
Nb5 a6 9. Nxc7+ Kd8 10. Nxa8 b5 11. Qd2 Qxf3 12. Qg5+ Be7 13. Qxg7 Qxh1+ 14. Kd2
Qxa8 15. Qxh8 Qg2 16. Kc2 Qg6 17. Qe5 Nc6 18. Qe1 Bc5 19. Nd2 b4 20. Ne4 Be7 21.
f4 bxc3 22. bxc3 d5 23. Nf2 Nf6 24. h3 d4 25. Qh1 Bb7 26. Qd1 dxc3 27. Kxc3 Bb4+
28. Kb2 Nd4 29. Qb3 h5 30. Qa4 Nd5 31. Be3 Bc6 32. Nd1 Bb5 33. Qxb4 Nxb4 34.
Bxd4 Qg2+ 35. Bf2 Nxd3+ 36. Kc3 Nxf2 37. Ne3 Qc6+ 38. Kd2 Ne4+ 39. Kd1 Qd6+ 40.
Ke1 Qd2# 0-1

[Event "Revanche III e a batalha continu"]
[Site "http://www.queenalice.com/game.php?id=164560"]
[Date "2007.2.6"]
[Round "-"]
[White "claudiocaire"]
[Black "Glapima"]
[Result "1-0"]
[WhiteElo "1390"]
[BlackElo "1734"]

1. e4 e5 2. Nf3 d6 3. c3 g5 4. d4 g4 5. Nfd2 c6 6. d5 Be7 7. Na3 Bd7 8. Qb3 h5
9. Qxb7 Na6 10. dxc6 Nc5 11. Qb5 Bc8 12. c7+ Bd7 13. cxd8=Q+ Rxd8 14. Qc4 Nf6
15. Qe2 a6 16. h3 Rb8 17. hxg4 Bxg4 18. f3 Bd7 19. g4 h4 20. b4 Ne6 21. Qxa6 Nc7
22. Qa7 Rc8 23. Qf2 Ng8 24. Bh3 Ne6 25. Ndc4 Nf4 26. Qa7 Nd3+ 27. Ke2 Nf4+ 28.
Bxf4 exf4 29. Nb6 Rxc3 30. Qxd7+ Kf8 31. Nb5 Re3+ 32. Kd2 Rh6 33. Rhe1 Nf6 34.
Qc8+ Kg7 35. Rxe3 fxe3+ 36. Kxe3 Rg6 37. Rg1 Rg5 38. Nd4 d5 39. Nf5+ Kh7 40.
Nxe7 d4+ 41. Kxd4 Rb5 42. Qc6 Rxb4+ 43. Kc5 Rb2 44. Qxf6 Rc2+ 45. Nc4 Rh2 46.
Qxf7+ Kh6 47. Qf4+ Kg7 48. Qxh2 Kf8 49. Qd6 Ke8 50. g5 Kf8 51. Ng6+ Kf7 52. Nxh4
Kg7 53. g6 Kh6 54. Nf5+ Kh5 55. Ne7 Kh4 56. Qg3+ Kh5 57. Qg5# 1-0

[Event "Challenge"]
[Site "http://www.queenalice.com/game.php?id=176369"]
[Date "2007.3.3"]
[Round "-"]
[White "Glapima"]
[Black "Pato"]
[Result "0-1"]
[WhiteElo "1662"]
[BlackElo "2019"]

1. e4 Nc6 2. d4 e5 3. d5 Nce7 4. Bc4 Ng6 5. h4 h5 6. g3 Bc5 7. Qf3 d6 8. Bb5+
Bd7 9. Bc4 Nf6 10. Bg5 Bg4 11. Qb3 O-O 12. f3 Bd7 13. Na3 a6 14. O-O-O b5 15.
Be2 c6 16. f4 cxd5 17. exd5 Qb6 18. Nf3 Ng4 19. Rhf1 f6 20. f5 fxg5 21. fxg6
gxh4 22. gxh4 Ne3 23. Ng5 Nxf1 24. Rxf1 Rxf1+ 25. Bxf1 Be3+ 26. Kb1 Bxg5 27.
hxg5 Qg1 28. Qf3 Rf8 29. Qf7+ Rxf7 30. gxf7+ Kxf7 31. b4 Qxf1+ 32. Kb2 Bf5 33.
Kb3 Qe2 34. c3 h4 35. c4 bxc4+ 36. Nxc4 Qd3+ 37. Ka4 Qxc4 38. a3 Bd7+ 39. Ka5
Qb5# 0-1

[Event "Revanche IV - Agora Vai"]
[Site "http://www.queenalice.com/game.php?id=176420"]
[Date "2007.3.3"]
[Round "-"]
[White "claudiocaire"]
[Black "Glapima"]
[Result "0-1"]
[WhiteElo "1437"]
[BlackElo "1649"]

1. Nf3 e6 2. e4 Nf6 3. e5 Ng4 4. d4 d5 5. Nc3 h5 6. h3 Nh6 7. Bxh6 Rxh6 8. Na4
Bb4+ 9. c3 Be7 10. Nc5 c6 11. b4 b6 12. Nd3 Na6 13. Qa4 Bb7 14. Nf4 Qd7 15. Qd1
O-O-O 16. h4 Nc7 17. Ng5 Rf8 18. Qa4 f6 19. Nf3 Nb5 20. Bxb5 cxb5 21. Qxa7 Kc7
22. Nd2 Ra8 23. Qxa8 Bxa8 24. Nb3 Qc6 25. Rc1 g5 26. hxg5 fxg5 27. Ne2 h4 28. g3
h3 29. f4 gxf4 30. Nxf4 Bg5 31. Ra1 Kd7 32. Nxh3 Qxc3+ 33. Ke2 Qe3+ 34. Kd1 Qf3+
35. Kc2 Qg2+ 36. Kd3 Qxg3+ 37. Kc2 Rxh3 38. Rxh3 Qxh3 39. Nd2 Qe3 40. Nf1 Qxd4
41. Rb1 Qc4+ 42. Kb2 Qxb4+ 43. Kc2 Qa4+ 44. Kb2 d4 45. Nd2 Bxd2 46. Rd1 Qxd1 47.
Ka3 Qc1+ 48. Kb3 Bd5# 0-1

[Event "Challenge"]
[Site "http://www.queenalice.com/game.php?id=179360"]
[Date "2007.3.10"]
[Round "-"]
[White "Glapima"]
[Black "thiagobertolo"]
[Result "1-0"]
[WhiteElo "1587"]
[BlackElo "1498"]

1. d4 g6 2. e4 Nf6 3. Qf3 Nc6 4. c3 d6 5. Bc4 e6 6. Bg5 Bg7 7. d5 Ne5 8. Qe2 O-O
9. dxe6 fxe6 10. Nh3 h6 11. Be3 Nxe4 12. O-O d5 13. Bb5 c6 14. Ba4 b5 15. Bb3 h5
16. f3 Nf6 17. Bg5 Nf7 18. Bh4 Qb6+ 19. Rf2 d4 20. Na3 e5 21. Rd1 c5 22. Bd5
Nxd5 23. Qe4 Be6 24. Qxg6 Bxh3 25. Qd3 c4 26. Qe4 Ne3 27. Re1 Nf5 28. gxh3 Nxh4
29. Qxh4 dxc3 30. Kh1 cxb2 31. Rg1 Qf6 32. Qg3 h4 33. Qg4 Nh6 34. Qg2 Kf7 35.
Rxb2 e4 36. fxe4 Rad8 37. Rf2 Qxf2 38. Qxf2+ Kg8 39. Qg2 Rde8 40. Qxg7# 1-0

[Event "Challenge"]
[Site "http://www.queenalice.com/game.php?id=179387"]
[Date "2007.3.10"]
[Round "-"]
[White "Glapima"]
[Black "magdaandreia"]
[Result "1-0"]
[WhiteElo "1600"]
[BlackElo "1398"]

1. e4 e5 2. Qf3 f6 3. Bc4 Nh6 4. g4 d6 5. h4 Nc6 6. c3 Qd7 7. g5 Na5 8. Bd3 Qc6
9. gxh6 gxh6 10. Qxf6 Rg8 11. Be2 Bg7 12. Qf3 Rf8 13. Qg3 Rf7 14. b4 Qxe4 15. f3
Qf5 16. bxa5 h5 17. Nh3 Bh6 18. Ng5 Rg7 19. d4 Qc2 20. Kf2 exd4 21. cxd4 Re7 22.
Re1 c5 23. Na3 Qc3 24. Rb1 cxd4 25. Ne4 Qxa5 26. Nxd6+ Kd8 27. Qg8+ Kd7 28. Nac4
Qxa2 29. Ne5+ Kxd6 30. Qxa2 Bxc1 31. Nc4+ Kd7 32. Rbxc1 b5 33. Na3 Bb7 34. Bxb5+
Kd6 35. Qd2 Re5 36. Qxd4+ Rd5 37. Qf6# 1-0

[Event "Challenge"]
[Site "http://www.queenalice.com/game.php?id=181982"]
[Date "2007.3.14"]
[Round "-"]
[White "Glapima"]
[Black "Archer"]
[Result "0-1"]
[WhiteElo "1623"]
[BlackElo "1419"]

1. a4 Nc6 2. h4 b6 3. h5 g6 4. hxg6 fxg6 5. e3 a5 6. Rh4 e5 7. Qf3 Qxh4 8. Bd3
Qh1 9. Kf1 Nb4 10. Bc4 Nh6 11. g4 Bb7 12. Qf6 Qg2+ 13. Ke2 Nxg4 14. Qf7+ Kd8 15.
Nf3 Qxf2+ 16. Kd1 Bxf3+ 17. Qxf3 Qxf3+ 18. Ke1 Be7 19. d4 Bh4+ 20. Kd2 exd4 21.
exd4 Qe3+ 22. Kd1 Nf2# 0-1

[Event "Challenge"]
[Site "http://www.queenalice.com/game.php?id=181998"]
[Date "2007.3.14"]
[Round "-"]
[White "Glapima"]
[Black "Admilton"]
[Result "0-1"]
[WhiteElo "1628"]
[BlackElo "1422"]

1. h4 e5 2. h5 h6 3. g3 b6 4. a4 Bb7 5. Rh4 Be7 6. Rh3 a5 7. e4 Bxe4 8. Nc3 Nf6
9. f3 Bc5 10. fxe4 Bxg1 11. Nb5 Nxe4 12. Qf3 d5 13. d3 c6 14. dxe4 Bc5 15. Qf5
Qf6 16. Nc7+ Kd8 17. Nxa8 Qxf5 18. exf5 Kc8 19. b4 axb4 20. a5 Bd4 21. axb6 Bxa1
22. Ba6+ Nxa6 23. b7+ Kxb7 24. Rh4 Kxa8 25. Rg4 g5 26. Bd2 Rb8 27. c3 bxc3 28.
Bc1 Nc5 29. Kd1 Ne4 30. Kc2 Nf2 31. Ra4+ Kb7 32. Rxa1 Kc7 33. Kxc3 Ne4+ 34. Kc2
Nxg3 35. Ra7+ Rb7 36. Ra8 Nxf5 37. Rh8 Nd4+ 38. Kd1 Nf5 39. Rh7 Kd6 40. Rh8 e4
41. Ba3+ c5 42. Bc1 Ke6 43. Bxg5 hxg5 44. h6 Nxh6 45. Rxh6+ Kf5 46. Rc6 e3 47.
Rxc5 Rd7 48. Ke2 Kf4 49. Rc6 d4 50. Kd3 Kf3 51. Rf6+ Kg4 52. Rf1 Kg3 53. Rg1+
Kf4 54. Rf1+ Kg4 55. Rg1+ Kh5 56. Rh1+ Kg6 57. Rg1 f6 58. Rg2 f5 59. Rb2 g4 60.
Kc4 d3 61. Rb6+ Kg5 0-1

[Event "Challenge"]
[Site "http://www.queenalice.com/game.php?id=182176"]
[Date "2007.3.15"]
[Round "-"]
[White "Glapima"]
[Black "Sandrio2006"]
[Result "1-0"]
[WhiteElo "1605"]
[BlackElo "1490"]

1. h4 e5 2. a4 d5 3. e3 Be6 4. h5 Nc6 5. a5 a6 6. c3 Qd6 7. f4 exf4 8. Qf3 Ne5
9. Qxf4 O-O-O 10. h6 Be7 11. Qg3 Bg4 12. d4 Nc6 13. Qxg4+ Kb8 14. Qxg7 Bf6 15.
Qxf7 Rf8 16. Qh5 Be7 17. Be2 Qf6 18. Nf3 Bd6 19. Qxd5 Nce7 20. Qe4 c5 21. Na3
cxd4 22. exd4 Nc6 23. Bg5 Qf7 24. Bc4 Qc7 25. d5 Nxa5 26. Bd3 Nb3 27. Ra2 Nc5
28. Qd4 Re8+ 29. Be3 Rc8 30. Qxh8 Ne7 31. Qd4 Ne6 32. Qa7# 1-0